[Event "Shelest Memorial op"]
[Site "Mykolaiv"]
[Date "2023.05.04"]
[Round "3"]
[White "Fainkihen, Efim"]
[Black "Uzun, Volodymyr"]
[Result "1-0"]
[WhiteElo "1972"]
[BlackElo "1201"]
[PlyCount "31"]
[EventDate "2023.05.03"]
[EventType "swiss"]
[EventRounds "9"]
[EventCountry "UKR"]
[SourceTitle "CBM 214 Extra"]
[Source "ChessBase"]
[SourceDate "2023.07.31"]
[SourceVersion "1"]
[SourceVersionDate "2023.07.31"]
[SourceQuality "1"]

1. e4 e5 2. Nf3 Nc6 3. Bc4 Bc5 4. b4 d5 5. exd5 Nxb4 6. 0-0 Bg4 7. c3 Bxf3 8. Qxf3 Nc2 9. d4 a6 10. dxc5 Nf6 11. Bg5 0-0 12. Nd2 Nxa1 13. Ne4 Nxe4 14. Bxd8 Nd2 15. Qe2 Nxf1 16. Bxc7 1-0